LEADER 01070nam a2200241 u 4500 001 000000032922 003 CaOOAMICUS 005 20070226112315.0 008 971024s1972 gw u000 u ger u 035 $a10774200 040 $aPUL(R)$bita 100 1 $aSeybold, Klaus.$0(OLS)http://pul/name/25738 245 14$aDas davidische Königtum im Zeugnis der Propheten /$cKlaus Seybold. 260 $aGöttingen :$bVandenhoeck & Ruprecht,$c1872. 300 $a183 p. ;$c24 cm 490 1 $aForschungen zur Religion und Literatur des Alten und Neuen Testaments ;$v107 830 0$aForschungen zur Religion und Literatur des Alten und Neuen Testaments ;$v107.$0(OLS)http://pul/title/15482 850 $aPUL 852 $aPUL$W1$xSL Religione 1$y3$m10(5) A 107$j45278$nBK-PRI$b $qStampati$B45278$CPULBib$Z2$F45278 $H $81 941 1 $a8 961 $aINV: 61828 996 $6245$aDas davidische Königtum im Zeugnis der Propheten$9(OLS)http://pul/title/45369 996 $6260$aGöttingen :$bVandenhoeck & Ruprecht$9(OLS)http://pul/publisher/47973 LEADER 00927nam a2200241 u 4500 001 000000034060 003 CaOOAMICUS 005 20070226112431.0 008 971121s1984 mnu u000 u eng u 035 $a10776886 040 $aPUL(R)$bita 100 1 $aPhan, Peter C.$0(OLS)http://pul/name/26365 245 10$aSocial thought /$cby Peter C. Phan. 260 $aWilmington, Delaware :$bM. Glazier,$cc1984. 300 $a268 p. ;$c22 cm 490 1 $aMessage of the Fathers of the Church ;$v20 830 0$aMessage of the Fathers of the Church ;$v20.$0(OLS)http://pul/title/13526 850 $aPUL 852 $aPUL$W1$xSL Religione 1$y3$m23 G 20$j46740$nBK-PRI$b $qStampati$B46740$CPULBib$Z2$F46740 $H $81 941 1 $a8 961 $aINV: 59505 996 $6245$aSocial thought$9(OLS)http://pul/title/46949 996 $6260$aWilmington, Delaware :$bM. Glazier$9(OLS)http://pul/publisher/61936 LEADER 01202nam a2200289 u 4500 001 000000080046 003 CaOOAMICUS 005 20070226123614.0 008 040622s2002 it u000 u ita u 020 $a8849802102 035 $a11001316 040 $aPUL$bita$dPUL 100 1 $aTerenzi, Paolo.$0(OLS)http://pul/name/41851 245 10$aPer una sociologia del senso comune :$bstudio su Hannah Arendt /$cPaolo Terenzi. 260 $aSoveria Mannelli :$bRubbettino,$c2002. 300 $a288 p. ;$c22 cm 490 1 $aUniversitŕ. 500 $aComprende indice. 504 $aBibliografia: p. 255-280. 600 14$aArendt, Hannah,$d1906-1975.$0(OLS)http://pul/subject/22684 830 0$aUniversitŕ (Rubbettino).$0(OLS)http://pul/title/65574 850 $aPUL 852 $aPUL$W1$xSL Diritto e Scienze Sociali 3$y79$m320. 5 TERPA 1$j102292$nBK-PRI$qDDC 21$B102292$CPULBib$Z2$F102292 $H95519 $82 941 1 $a9 996 $6020$a8849802102$9(OLS)http://pul/number/105613 996 $6245$aPer una sociologia del senso comune :$bstudio su Hannah Arendt$9(OLS)http://pul/title/104855 996 $6260$aSoveria Mannelli :$bRubbettino$9(OLS)http://pul/publisher/51639